|
|
|
|
| LEADER |
01996nam a2200457 a 4500 |
| 001 |
nkc20112233917 |
| 003 |
CZ PrNK |
| 005 |
20120209095240.0 |
| 007 |
ta |
| 008 |
120110s2011 xr a e f 000 0 cze |
| 015 |
|
|
|a cnb002233917
|
| 020 |
|
|
|a 978-80-86364-16-2
|q (brož.)
|
| 035 |
|
|
|a (OCoLC)776503669
|
| 040 |
|
|
|a ABA001
|b cze
|
| 072 |
|
7 |
|a 626/627
|x Vodní stavitelství. Vodní hospodářství
|2 Konspekt
|9 19
|
| 080 |
|
|
|a 627.81
|2 MRF
|
| 080 |
|
|
|a 627.533.2
|2 MRF
|
| 080 |
|
|
|a (035)
|2 MRF
|
| 245 |
0 |
0 |
|a Malé vodní a suché nádrže :
|b TP 1.19 : technická pomůcka k činnosti autorizovaných osob /
|c [Petr Doležal ... et al.]
|
| 246 |
3 |
|
|a Malé vodní a suché nádrže - TP 1.19
|
| 246 |
3 |
|
|a TP 1.19 - malé vodní a suché nádrže
|
| 250 |
|
|
|a 1. vyd.
|
| 260 |
|
|
|a Praha :
|b Pro Českou komoru autorizovaných inženýrů a techniků činných ve výstavbě vydává Informační centrum ČKAIT,
|c 2011
|
| 300 |
|
|
|a 108 s. :
|b il. ;
|c 21 cm
|
| 500 |
|
|
|a Nad názvem: Česká komora autorizovaných inženýrů a techniků činných ve výstavbě, Rada pro podporu rozvoje profese ČKAIT
|
| 504 |
|
|
|a Obsahuje bibliografii
|
| 650 |
0 |
7 |
|a malé vodní nádrže
|7 ph122595
|2 czenas
|
| 650 |
0 |
7 |
|a suché poldry
|7 ph317246
|2 czenas
|
| 650 |
0 |
9 |
|a small reservoirs
|2 eczenas
|
| 650 |
0 |
9 |
|a dry polders
|2 eczenas
|
| 655 |
|
7 |
|a příručky
|7 fd133209
|2 czenas
|
| 655 |
|
9 |
|a handbooks and manuals
|2 eczenas
|
| 700 |
1 |
|
|a Doležal, Petr,
|d 1961 březen 25.-
|7 jo2009523675
|4 aut
|
| 710 |
2 |
|
|a Česká komora autorizovaných inženýrů a techniků činných ve výstavbě
|7 kn20010725041
|
| 710 |
2 |
|
|a Česká komora autorizovaných inženýrů a techniků činných ve výstavbě.
|b Rada pro podporu rozvoje profese
|7 kn20051122019
|
| 910 |
2 |
|
|a BOA001
|b 2-1277.758
|
| 928 |
9 |
|
|a Informační centrum ČKAIT
|
| 990 |
|
|
|a BK
|
| 995 |
|
|
|a 01
|
| 991 |
|
|
|b 201201
|c NOV
|e n
|
| 996 |
6 |
|
|b 2610497713
|c 2-1277.758
|l MZK
|r Sklad / do 1 hodiny
|n 5
|p p.v.
|w 001222352
|u 000010
|a 1
|e BOA001
|j MZK50
|s P
|